Представление документа в формате MARC21

Поле Инд. ПП Название Значение
Тип записи a
Библиографический уровень m
001 Контрольный номер RU/IS/BASE/330790470
005 Дата корректировки 20250120103315.6
008 Кодируемые данные 20100401
020 a ISBN 978-5-9776-0112-2
084 a Индекс другой классификации/Индекс ББК 60.55-42я73
090 a Полочн. индекс 60.55-42я73
x Авторский знак Х 861
100 1_ a Автор Хохлова Т. П.
q Полное имя Хохлова Татьяна Петровна
245 10 a Заглавие Организационное поведение
b Продолж. заглавия учебное пособие
c Ответственность рецензенты Ф. Р. Уфимцев, Л. А. Воронина
250 a Основные сведения об издании 2-е изд., перераб. и доп.
260 c Дата издания 2009
b Издательство Магистр
a Место издания Москва
300 a Объем 509 с.
336 a Термин вида содержания Текст
337 a Термин типа средства непосредственный
504 a Библиография Лит.: с. 489-494. - Прил.: с. 495-509
650 04 a Основная рубрика организационное поведение
a Основная рубрика социология
a Основная рубрика социология организаций
653 0_ a Ключевые слова адаптация
a Ключевые слова власть в организации
a Ключевые слова гендерные отношения
a Ключевые слова групповое поведение
a Ключевые слова девиантное поведение
a Ключевые слова деловая карьера
a Ключевые слова деловая культура
a Ключевые слова деловое общение
a Ключевые слова иерархия потребностей Маслоу
a Ключевые слова карьера
a Ключевые слова командообразование (тимбилдинг)
a Ключевые слова коммуникации
a Ключевые слова коммуникационные процессы
a Ключевые слова коммуникационные сети
a Ключевые слова конфликты
a Ключевые слова личность
a Ключевые слова международный бизнес
a Ключевые слова менеджмент
a Ключевые слова модели поведения
a Ключевые слова мотивация
a Ключевые слова научение поведению
a Ключевые слова нововведения в организации
a Ключевые слова организационная культура
a Ключевые слова организация
a Ключевые слова персонал
a Ключевые слова поведение человека
a Ключевые слова принятие решений
a Ключевые слова Россия
a Ключевые слова свойства личности
a Ключевые слова социализация
a Ключевые слова стиль руководства
a Ключевые слова стимулирование персонала
a Ключевые слова стресс
a Ключевые слова структура личности
a Ключевые слова теории мотивации
a Ключевые слова теория ERG Альдерфера
a Ключевые слова теория Адамса
a Ключевые слова теория Локка
a Ключевые слова теория Макгрегора
a Ключевые слова теория МакКлелланда
a Ключевые слова теория мотивации Герцберга
a Ключевые слова управление персоналом
a Ключевые слова управление человеческими ресурсами
a Ключевые слова управленческие решения
655 a Жанр/ форма (устаревшее) учебное пособие
700 12 a Автор Уфимцев Ф. Р.
e Роль лиц рецензент
700 1_ a Автор Воронина Л. А.
e Роль лиц рецензент
900 a Имя электронного ресурса obl_Hohlova_OP
x Справочная информация Обложка
901 t Тип документа m
952 a Тип литературы для КСУ ВШ УИ
954 a Гриф 1.2.2.653